000 00405nam a2200169Ia 4500
001 14578
003 GE_BSU
008 181216s||||||||xx |||||||||||||| ||und||
040 _cGE_BSU
245 _aПедагогика. №9. 2014
245 _cГл.ред.Бозиев Р.С.
260 _aМосква
260 _c2014
300 _a128стр.23см.
653 _aПедагогика
942 _cCR
999 _c47707
_d47707